Medaliści IMŚJ (IMEJ do 1988) na żużlu w latach 1977-2000 - Statystyki

Ogólne statystyki
  • Ten quiz został rozwiązany 53 razy
  • Średni wynik to 45 z 72
Statystyki odpowiedzi
Rok Miasto Złoto % Poprawnych
1977 Vojens Alf Busk
89%
2000 Gorzów Wlkp. Andreas Jonsson
78%
Antonin Kasper
78%
1982 Pocking Antonin Kasper
78%
Ari Koponen
78%
Kevin Jolly
78%
Krzysztof Cegielski
78%
Les Collins
78%
Matej Ferjan
78%
Neil Middleditch
78%
1996 Olching Piotr Protasiewicz
78%
1979 Leningrad Ron Preston
78%
Ryan Sullivan
78%
1981 Slany Shawn Moran
78%
Tony Briggs
78%
Ajrat Fajzulin
67%
Ales Dryml
67%
Dennis Sigalos
67%
1978 Lonigo Finn Rune Jensen
67%
1986 Równe Igor Marko
67%
1995 Tampere Jason Crump
67%
Joe Owen
67%
Krzysztof Jabłoński
67%
Nigel Sadler
67%
Rene Aas
67%
1998 Piła Robert Dados
67%
Rune Holta
67%
Rune Holta
67%
Ryan Sullivan
67%
1980 Pocking Tommy Knudsen
67%
Tony Rickardsson
67%
1991 Coventry Brian Andersen
56%
Brian Karger
56%
Brian Karger
56%
Chris Louis
56%
1990 Lwów Chris Louis
56%
Daniel Andersson
56%
David Bargh
56%
1987 Zielona Góra Gary Havelock
56%
1989 Lonigo Gert Handberg
56%
Henrik Gustafsson
56%
Jarosław Hampel
56%
Jason Crump
56%
Jason Lyons
56%
Jesper Bruun Jensen
56%
1997 Mseno Jesper Bruun Jensen
56%
Jimmy Nilsen
56%
Joe Screen
56%
1993 Pardubice Joe Screen
56%
1999 Vojens Lee Richardson
56%
1992 Pfaffenhofen Leigh Adams
56%
Mark Loram
56%
Marvyn Cox
56%
1984 King's Lynn Marvyn Cox
56%
Mikael Karlsson
56%
1994 Elgane Mikael Karlsson
56%
Morten Andersen
56%
Niklas Karlsson
56%
Ole Hansen
56%
1985 Abensberg Per Jonsson
56%
1988 Slany Peter Nahlin
56%
Piotr Świst
56%
Rafał Dobrucki
56%
Scott Nicholls
56%
Sean Wilson
56%
1983 Lonigo Steve Baker
56%
Steve Lucero
56%
Tony Olsson
56%
Jiri Hrdinak
44%
Mark Courtney
44%
Neil Evitts
44%
Peter Ravn
33%
Nie znaleziono quizów pasujących do podanych kryteriów
Rozkład punktacji
Procent ludzi z każdym wynikiem
Percentyl według liczby udzielonych odpowiedzi
Twoja historia wyników
Nie rozwiązałeś tego quizu